<?xml version="1.0" encoding="UTF-8"?>
<record
    xmlns:xsi="http://www.w3.org/2001/XMLSchema-instance"
    xsi:schemaLocation="http://www.loc.gov/MARC21/slim http://www.loc.gov/standards/marcxml/schema/MARC21slim.xsd"
    xmlns="http://www.loc.gov/MARC21/slim">

  <leader>02696cam a22002535a 4500</leader>
  <datafield tag="999" ind1=" " ind2=" ">
    <subfield code="c">27280</subfield>
    <subfield code="d">27251</subfield>
  </datafield>
  <controlfield tag="005">20190327142027.0</controlfield>
  <controlfield tag="008">171030s2018    enk    frb    001 0 eng d</controlfield>
  <datafield tag="020" ind1=" " ind2=" ">
    <subfield code="a">9781138659704</subfield>
  </datafield>
  <datafield tag="040" ind1=" " ind2=" ">
    <subfield code="a">DLC</subfield>
    <subfield code="b">eng</subfield>
    <subfield code="c">DLC</subfield>
    <subfield code="d">DLC</subfield>
    <subfield code="d">EG-ScBUE</subfield>
    <subfield code="d">EG-ScBUE</subfield>
  </datafield>
  <datafield tag="082" ind1="0" ind2="4">
    <subfield code="a">337</subfield>
    <subfield code="b">MIL</subfield>
    <subfield code="2">22</subfield>
  </datafield>
  <datafield tag="100" ind1="1" ind2=" ">
    <subfield code="a">Miller, Raymond C.</subfield>
  </datafield>
  <datafield tag="245" ind1="1" ind2="0">
    <subfield code="a">International political economy :</subfield>
    <subfield code="b">contrasting world views /</subfield>
    <subfield code="c">Raymond C. Miller.</subfield>
  </datafield>
  <datafield tag="250" ind1=" " ind2=" ">
    <subfield code="a">2nd. ed.</subfield>
  </datafield>
  <datafield tag="260" ind1=" " ind2=" ">
    <subfield code="a">Oxon ;</subfield>
    <subfield code="a">New York :</subfield>
    <subfield code="b">Routledge / Taylor &amp; Francis,</subfield>
    <subfield code="c">2018.</subfield>
  </datafield>
  <datafield tag="300" ind1=" " ind2=" ">
    <subfield code="a">xxiii, 301 p. ;</subfield>
    <subfield code="c">24 cm.</subfield>
  </datafield>
  <datafield tag="500" ind1=" " ind2=" ">
    <subfield code="a">Revised edition of the author's International political economy, 2008.</subfield>
  </datafield>
  <datafield tag="504" ind1=" " ind2=" ">
    <subfield code="a">Includes bibliographical references and index.</subfield>
  </datafield>
  <datafield tag="520" ind1=" " ind2=" ">
    <subfield code="a">The second edition of International Political Economy continues to be the perfect short introduction to the fundamental theories and issues of international political economy (IPE).

Written in a concise, accessible style by an experienced teacher and scholar, it combines theoretical perspectives, real-world examples, and comparative policy analysis. The text offers students an in-depth, balanced understanding of the contrasting core perspectives in IPE, allowing them to critically evaluate and independently analyze major political-economic events.

Having emerged from both the classical and modern schools of political economy, the book&#x2019;s unique structure is organized around the threefold world view classification of IPE that the author labels as free-market, institutionalist, and Marxist.

The book:

Compares, contrasts, and critiques the different approaches in the context of major global issues such as financial crises, free vs. fair trade, ecological degradation, growing inequality, gender, globalization, and multinational corporations;
Explains key economic concepts such as financial markets, banking systems, monetary policy, foreign exchange, Keynesian economics, fiscal policy, comparative advantage, value theory, money, role of corporations, and ecological economics as well as their relationship to political concepts such as international regimes and governance;
Contains 30 original figures and tables, review questions at the end of each chapter, and a detailed glossary to enhance student learning;
Responds to the call from eminent IPE specialists Robert Keohane and Benjamin Cohen for textbooks that take a pluralistic approach.
This thoroughly updated second edition is essential reading for students of international political economy, economics, political science and global governance.</subfield>
  </datafield>
  <datafield tag="650" ind1=" " ind2="7">
    <subfield code="a">International economic relations.</subfield>
    <subfield code="2">BUEsh</subfield>
  </datafield>
  <datafield tag="650" ind1=" " ind2="7">
    <subfield code="a">Globalization.</subfield>
    <subfield code="2">BUEsh</subfield>
  </datafield>
  <datafield tag="651" ind1=" " ind2=" ">
    <subfield code="2">BUEsh</subfield>
  </datafield>
  <datafield tag="653" ind1=" " ind2=" ">
    <subfield code="b">BUSBOL</subfield>
    <subfield code="c">March2019</subfield>
  </datafield>
  <datafield tag="942" ind1=" " ind2=" ">
    <subfield code="2">ddc</subfield>
  </datafield>
  <datafield tag="952" ind1=" " ind2=" ">
    <subfield code="0">0</subfield>
    <subfield code="1">0</subfield>
    <subfield code="2">ddc</subfield>
    <subfield code="4">0</subfield>
    <subfield code="7">0</subfield>
    <subfield code="8">Alahram</subfield>
    <subfield code="a">MAIN</subfield>
    <subfield code="b">MAIN</subfield>
    <subfield code="c">1ST</subfield>
    <subfield code="d">2019-03-23</subfield>
    <subfield code="e">Purchase</subfield>
    <subfield code="g">795.00</subfield>
    <subfield code="h">526</subfield>
    <subfield code="l">0</subfield>
    <subfield code="o">337 MIL</subfield>
    <subfield code="p">000043280</subfield>
    <subfield code="r">2025-07-15 00:00:00</subfield>
    <subfield code="v">993.75</subfield>
    <subfield code="y">BB</subfield>
  </datafield>
</record>
